| 000 | 00647nam a22002535a 4500 | ||
|---|---|---|---|
| 001 | 002827 | ||
| 003 | armpunfd | ||
| 005 | 20150622151714.0 | ||
| 008 | 140704s1972####ag############000#0#und#d | ||
| 080 | _a347.961 Sa 58 | ||
| 100 | 1 | _aSan Martin Jose V. | |
| 245 | 1 | 0 | _aResponsabilidad Notarial por Asesoramiento / |
| 260 |
_aBuenos Aires, _c1972. |
||
| 300 | _a133 P. | ||
| 650 | 7 |
_aAsesoramiento _2LEMB |
|
| 650 | 7 |
_aEjercicio Profesional _2LEMB |
|
| 650 | 7 |
_aEscribano _2LEMB |
|
| 650 | 7 |
_aNotariado _2LEMB |
|
| 650 | 7 |
_aNotario _2LEMB |
|
| 650 | 7 |
_aResponsabilidad _2LEMB |
|
| 651 | _2LEMB | ||
| 945 | _d2014-07-04 | ||
| 999 |
_c3180 _d233684 |
||